000 00789nmm a2200265 a 4500
003 AR-BaBNM
005 20251128205503.0
008 077119s1983 ||||||||||||||000 | spa||
040 _cAR-BaBNM
100 1 _aBarreiro, Telma
245 1 0 _aHacia un modelo de crecimiento humano
260 _aBuenos Aires
_bNuevo Estilo
_c1983
300 0 _a142 p.
_btablas, diagr.
500 0 _aContiene referencias bibliográficas en notas a pie de página
650 4 _aPSICOLOGIA DE LA EDUCACION
650 4 _aEDUCACION DEL NINO
650 4 _aDESARROLLO DEL NINO
650 4 _aDESARROLLO DE LA PERSONALIDAD
650 4 _aPSICOLOGIA DEL DESARROLLO
650 4 _aNECESIDADES DEL NINO
650 4 _aPSICOLOGIA DEL NINO
650 4 _aPSICOLOGIA EVOLUTIVA
942 _cBK
998 _csilvi
999 _c11590
_d11590